New Products Management / (Record no. 2429)
[ view plain ]
| 000 -LEADER | |
|---|---|
| fixed length control field | 01102nac a22002411u 4500 |
| 008 - FIXED-LENGTH DATA ELEMENTS--GENERAL INFORMATION | |
| fixed length control field | 100922t xxu||||| |||| 00| 0 eng d |
| 010 ## - LIBRARY OF CONGRESS CONTROL NUMBER | |
| LC control number | 2004057947 |
| 020 ## - INTERNATIONAL STANDARD BOOK NUMBER | |
| International Standard Book Number | 0072961449 (alk. paper) |
| 082 00 - DEWEY DECIMAL CLASSIFICATION NUMBER | |
| Classification number | 658.575 |
| Item number | CRA |
| 100 ## - MAIN ENTRY--PERSONAL NAME | |
| Personal name | Crawford, C. Merle |
| 9 (RLIN) | 19744 |
| 245 10 - TITLE STATEMENT | |
| Title | New Products Management / |
| Statement of responsibility, etc | Merle Crawford, Anthony Di Benedetto. |
| 250 ## - EDITION STATEMENT | |
| Edition statement | 8th ed. |
| 260 ## - PUBLICATION, DISTRIBUTION, ETC. (IMPRINT) | |
| Place of publication, distribution, etc | Boston, Mass. : |
| Name of publisher, distributor, etc | McGraw-Hill/Irwin, |
| Date of publication, distribution, etc | c2006. |
| 300 ## - PHYSICAL DESCRIPTION | |
| Extent | xx, 540 p. : |
| Other physical details | ill. ; |
| Dimensions | 24 cm. |
| 440 #0 - | |
| -- | McGraw-Hill/Irwin series in marketing |
| -- | 19745 |
| 504 ## - BIBLIOGRAPHY, ETC. NOTE | |
| Bibliography, etc | Includes bibliographical references and index. |
| 650 #0 - SUBJECT ADDED ENTRY--TOPICAL TERM | |
| Topical term or geographic name as entry element | New products |
| General subdivision | Management. |
| 9 (RLIN) | 19746 |
| 700 1# - ADDED ENTRY--PERSONAL NAME | |
| Personal name | Di Benedetto, C. Anthony. |
| 9 (RLIN) | 19747 |
| 856 42 - ELECTRONIC LOCATION AND ACCESS | |
| Materials specified | Publisher description |
| Uniform Resource Identifier | <a href="http://www.loc.gov/catdir/enhancements/fy0618/2004057947-d.html">http://www.loc.gov/catdir/enhancements/fy0618/2004057947-d.html</a> |
| 856 42 - ELECTRONIC LOCATION AND ACCESS | |
| Materials specified | Table of contents only |
| Uniform Resource Identifier | <a href="http://www.loc.gov/catdir/enhancements/fy0618/2004057947-t.html">http://www.loc.gov/catdir/enhancements/fy0618/2004057947-t.html</a> |
| 942 ## - ADDED ENTRY ELEMENTS (KOHA) | |
| Item type | Book - Borrowing |
| Call number prefix | 658.575CRA |
| Source of classification or shelving scheme | Dewey Decimal Classification |
| Withdrawn status | Item status | Source of classification or shelving scheme | Damaged status | Not for loan | Vendor | Home library | Current library | Shelving location | Date acquired | Source of acquisition | Total Checkouts | Full call number | Barcode | Date last seen | Koha item type |
|---|---|---|---|---|---|---|---|---|---|---|---|---|---|---|---|
| Dewey Decimal Classification | Central Library | Central Library | First floor | 22/09/2010 | 1 | 658.575 CRA | 000001875 | 15/07/2025 | Book - Borrowing |